| 000 | 00580nam a2200205Ia 4500 | ||
|---|---|---|---|
| 008 | 191130s2008##################000#0#eng## | ||
| 020 | _a9780521089890 | ||
| 040 |
_aACL _cACL |
||
| 082 | _a351.4209031 HOA | ||
| 100 | _aHoak, D E | ||
| 245 |
_aThe king's council in the reign of Edward VI _cD E Hoak |
||
| 260 |
_aCambridge _bCambridge University Press _c2008 |
||
| 300 | _ax, 374 p | ||
| 650 | _aGreat Britain | ||
| 650 | _aGreat Britain, Privy Council | ||
| 650 | _aPolitical science | ||
| 990 | _a496d0679ac10000c56d518026faec725 | ||
| 991 | _a52171 | ||
| 999 |
_c55335 _d55335 |
||